000 00367pab a2200145 454500
008 180718b2002 xxu||||| |||| 00| 0 eng d
100 _aSundar, I.
245 _aGlobalization: road way to world capitalism: problems and challenges
260 _c2002
300 _ap.34-39.
362 _aSep
650 _aGlobalization
773 _aThird Concept
909 _a53762
999 _c53762
_d53762